| 000 | 00714nam a2200217 a 4500 | ||
|---|---|---|---|
| 001 | 000040537 | ||
| 005 | 20201002034210.0 | ||
| 008 | 130830s2008 sp a 001 0 spa d | ||
| 020 | _a9788429176001 | ||
| 040 |
_aDO-SdBNP _bspa _cBNPHU |
||
| 082 |
_axxx _bxxxx |
||
| 100 | 1 |
_aBerg, Jeremy M. _966849 |
|
| 240 | 1 | 0 | _aBiochemistry |
| 245 | 1 | 0 |
_aBioquímica. / _cJeremy M. Berg, John L. Tymoczko, Lubert Stryer; traducción, José María Macarrulla. |
| 250 | _a6ta. ed. | ||
| 260 |
_aBarcelona, España : _bReverté, _c2008. |
||
| 500 | _aLa biblioteca posee la reimpresión del 2011 | ||
| 700 | 1 |
_aMacarrulla, José María _etrad. _966850 |
|
| 700 | 1 |
_aTymoczko, John L. _966851 |
|
| 700 | 1 |
_aStryer, Lubert _966852 |
|
| 999 |
_c40027 _d40027 |
||